Loading...
| Literature - British | 0 | 8 | 0 | 0 | 80 | 58 | 71.13 | 6 | 8 | 0.00 | 0.00 |
| Literature - European | 0 | 7 | 1 | 1 | 65 | 40 | 58.00 | 6 | 6 | 0.00 | 0.00 |
| Literature - World/Other | 0 | 6 | 0 | 0 | 60 | 43 | 77.50 | 3 | 6 | 0.00 | 0.00 |
| Philosophy | 0 | 4 | 0 | 0 | 40 | 58 | 81.00 | 2 | 4 | 0.00 | 0.00 |
| Literature - American | 0 | 6 | 4 | 0 | 40 | 34 | 56.33 | 3 | 6 | 0.00 | 0.00 |
| Religion | 0 | 1 | 0 | 0 | 10 | 111 | 111.00 | 0 | 0 | 0.00 | 0.00 |
| Fine Arts - Other | 0 | 1 | 0 | 0 | 10 | 124 | 124.00 | 0 | 1 | 0.00 | 0.00 |
| Science - Other | 0 | 1 | 0 | 1 | 10 | 128 | 128.00 | 0 | 0 | 0.00 | 0.00 |
| Geography/Current Events | 0 | 1 | 0 | 0 | 10 | 75 | 75.00 | 0 | 0 | 0.00 | 0.00 |
| History - American | 0 | 1 | 0 | 0 | 10 | 91 | 91.00 | 0 | 0 | 0.00 | 0.00 |
| History - European | 0 | 1 | 0 | 0 | 10 | 37 | 37.00 | 1 | 1 | 0.00 | 0.00 |
| Pop Culture | 0 | 1 | 0 | 0 | 10 | 74 | 74.00 | 0 | 1 | 0.00 | 0.00 |